00439 a2200145 4500001000900000005001700009008004100026245003800067100002300105700002100128700002600149700002400175773007700199999001700276ART_207420260410161722.0260409a 10aContabilidad, litigios y demandas1 aBarnickol, Karl R.1 aRoss, Allan John1 aSchowalter, Ronald O.1 aWalters, Michael J.0 tAdministración de empresasg- Año XVII, Nº 202 (ene. 1987)wREV2036 c17091d17091